HIGHEST GROSSING MOVIES THAT START WITH THE LETTER A - Statistics

General Stats
  • This quiz has been taken 170 times
    162 since last reset
  • The average score is 4 of 10
Answer Stats
Hint Answer % Correct
E.T Was another one Alien
95%
E.T Was One Aliens
95%
Most Successful James Cameron Movie Avatar
86%
Rabbit Hole Alice In Wonderland
84%
________ Of A Murder Anatomy Of A Murder
42%
E.T. Was One times 3 Aliens 3
20%
Part Of Military +1 At The End Air Force One
14%
To Sum Up Argo
5%
_____ Alice After
2%
Oxford Professer Richard Myles Above Suspicion
0%
No matching quizzes found
Score Distribution
Percent of People with Each Score
Percentile by Number Answered
Your Score History
You have not taken this quiz since the last reset